| 000 | 00386pam a2200157 a 4500 | ||
|---|---|---|---|
| 020 |
_a0-600-61009-8 _c |
||
| 041 | _h | ||
| 100 |
_aTONIA GEORGE , SARA LOWIS _eAuthor |
||
| 245 |
_a15-MINUTE FEASTS _cTONIA GEORGE , SARA LOWIS _hTextual Documents |
||
| 250 | _a1st | ||
| 260 |
_alondon _boctopus |
||
| 300 | _a256 | ||
| 653 | _afood Producation | ||
| 700 | _eCo-Author | ||
| 930 | _a42 | ||
| 999 |
_c227443 _d227443 |
||